Digital Electronics:Principles and Integrated Circuits (Record no. 11095)

MARC details
000 -LEADER
fixed length control field 00413nam a22001697a 4500
003 - CONTROL NUMBER IDENTIFIER
control field OSt
008 - FIXED-LENGTH DATA ELEMENTS--GENERAL INFORMATION
fixed length control field 220215b ||||| |||| 00| 0 eng d
020 ## - INTERNATIONAL STANDARD BOOK NUMBER
International Standard Book Number 9788124508631
082 ## - DEWEY DECIMAL CLASSIFICATION NUMBER
Classification number 621.3819 MAD
100 ## - MAIN ENTRY--PERSONAL NAME
Personal name MAINI,Anil K
245 ## - TITLE STATEMENT
Title Digital Electronics:Principles and Integrated Circuits
250 ## - EDITION STATEMENT
Edition statement Reprint
260 ## - PUBLICATION, DISTRIBUTION, ETC. (IMPRINT)
Place of publication, distribution, etc New Delhi
Name of publisher, distributor, etc Wiley
Date of publication, distribution, etc 2020
300 ## - PHYSICAL DESCRIPTION
Extent 584
650 ## - SUBJECT ADDED ENTRY--TOPICAL TERM
Topical term or geographic name as entry element BCA
942 ## - ADDED ENTRY ELEMENTS (KOHA)
Source of classification or shelving scheme Dewey Decimal Classification
Koha item type Text Books
942 ## - ADDED ENTRY ELEMENTS (KOHA)
-- 4
Holdings
Withdrawn status Lost status Source of classification or shelving scheme Damaged status Not for loan Collection code Home library Current library Date acquired Source of acquisition Currency Cost, normal purchase price Bill Number Total Checkouts Full call number Acc. no. / Barcode Date last seen Actual Cost, discounted price Bill Date Koha item type Date last borrowed
    Dewey Decimal Classification     BCA PIET C-LIBRARY PIET C-LIBRARY 29/01/2022 Kirti Praskshan IN Rupees 679.00 IN3389   621.3819 MAD BC1682 15/02/2022 468.51 29/01/2022 Text Books  
    Dewey Decimal Classification     BCA PIET C-LIBRARY PIET C-LIBRARY 29/01/2022 Kirti Praskshan IN Rupees 679.00 IN3389 1 621.3819 MAD BC1683 20/09/2022 468.51 29/01/2022 Text Books 06/09/2022
    Dewey Decimal Classification     BCA PIET C-LIBRARY PIET C-LIBRARY 29/01/2022 Kirti Praskshan IN Rupees 679.00 IN3389 2 621.3819 MAD BC1684 11/09/2023 468.51 29/01/2022 Text Books 25/08/2023
    Dewey Decimal Classification     BCA PIET C-LIBRARY PIET C-LIBRARY 29/01/2022 Kirti Praskshan IN Rupees 679.00 IN3389   621.3819 MAD BC1685 15/02/2022 468.51 29/01/2022 Text Books  
    Dewey Decimal Classification     BCA PIET C-LIBRARY PIET C-LIBRARY 29/01/2022 Kirti Praskshan IN Rupees 679.00 IN3389   621.3819 MAD BC1686 15/02/2022 468.51 29/01/2022 Text Books  
    Dewey Decimal Classification     BCA PIET C-LIBRARY PIET C-LIBRARY 29/01/2022 Kirti Praskshan IN Rupees 679.00 IN3389   621.3819 MAD BC1687 15/02/2022 468.51 29/01/2022 Text Books  
    Dewey Decimal Classification     BCA PIET C-LIBRARY PIET C-LIBRARY 29/01/2022 Kirti Praskshan IN Rupees 679.00 IN3389 1 621.3819 MAD BC1688 14/01/2023 468.51 29/01/2022 Text Books 26/12/2022
    Dewey Decimal Classification     BCA PIET C-LIBRARY PIET C-LIBRARY 29/01/2022 Kirti Praskshan IN Rupees 679.00 IN3389 1 621.3819 MAD BC1689 25/01/2025 468.51 29/01/2022 Text Books 21/01/2025
    Dewey Decimal Classification     BCA PIET C-LIBRARY PIET C-LIBRARY 29/01/2022 Kirti Praskshan IN Rupees 679.00 IN3389   621.3819 MAD BC1690 15/02/2022 468.51 29/01/2022 Text Books  
    Dewey Decimal Classification     BCA PIET C-LIBRARY PIET C-LIBRARY 29/01/2022 Kirti Praskshan IN Rupees 679.00 IN3389 1 621.3819 MAD BC1691 28/10/2022 468.51 29/01/2022 Text Books 06/10/2022

Design & Developed by: PIET Central Library
R70 Miles Stone Pattikalyana Samalkha Panipat 132102
mail ID :- [email protected], Phone No:- 0180-2569700 Ex.216